Normal view
MARC view
Entry Personal Name
001 - CONTROL NUMBER
- control field: 1238224
003 - CONTROL NUMBER IDENTIFIER
- control field: OSt
005 - DATE AND TIME OF LATEST TRANSACTION
- control field: 20260430150705.0
008 - FIXED-LENGTH DATA ELEMENTS
- fixed length control field: 260430|| aca||aabn | a|a d
040 ## - CATALOGING SOURCE
- Original cataloging agency: OSt
- Transcribing agency: OSt
100 ## - HEADING--PERSONAL NAME
- Personal name: Singh Pawan Au.; Dash Sandipani Gu
670 ## - SOURCE DATA FOUND
- Source citation: Work cat.: (OSt)1850400: Singh Pawan Au.; Dash Sandipani Gu., Conflict Resolution in North Africa: The Role of African Union in Egypt and Libya, 2024
